000
00288nam a2200121Ia 4500
008
190802s9999 xx 000 0 und d
020
_a
978-1-5011-3259-9
100
_a
Steve Case
245
4
_a
The Third Wave
260
_a
New York
_b
Simon & Schuster
_c
2016
300
_a
253:p
942
_c
BK
999
_c
2543
_d
2543